000 00430nam a22001697a 4500
999 _c164197
_d164197
005 20190513172708.0
010 _aB-0882778
020 _c40.00
035 _aB-0882778
037 _bGhalib Academy.
082 _a881
100 _aAngel, Whispers
245 _aWhispers of the angel /
_cWhispers
260 _aNew Delhi
_bGhalib Academy.
_c1969
300 _a52p
_c19cm (hbk)
942 _2ddc
_cEN
_h881
_mWHI